000 00834nam a2200253 i 4500
001 142597
003 ES-MaACL
005 20250819063104.0
007 t|
008 071009s1980 sp ||||1| spa d
020 _a84-7423-116-7
080 _a930:001.4
100 1 _aVilar, Pierre,
_d1906-2003
_9114800
245 1 0 _aIniciación al vocabulario del análisis histórico /
_cPierre Vilar ; traducción [del francés] de M. Dolores Folch.
260 _aBarcelona :
_bCrítica,
_c[1980]
300 _a315 p. ;
_c20 cm.
490 1 _aEstudios y ensayos ;
_v61
650 1 4 _aHistoria-
_xTerminología.
_913384
700 1 _aFolch, María Dolores.
_951440
830 0 _aEstudios y ensayos ;
_v61
_9181863
852 _aES-MaACL
_jL-699
_bR.101616
852 _aES-MaACL
_jC-35967
_bR.100205
999 _c142597
_d142597